Statistics for Countries in The United States of America

Click here to take the quiz!

General Stats

  • This quiz has been taken 82 times
  • The average score is 21 of 24

Answer Stats

HintAnswer% Correct
TTaiwan/ Tajikistan/ Tanzania/ Thailand/ Timor Leste/ Togo/ Tonga/ Trinidad/ Tunisia/ Turkey/ Turkmenistan/ Tuvalu
97%
TTaiwan/ Tajikistan/ Tanzania/ Thailand/ Timor-Leste/ Togo/ Tonga/ Trinidad / Tunisia/ Turkey/ Turkmenistan/ Tuvalu
97%
TTaiwan/ Tajikistan/ Tanzania/ Thailand/ Timor-Leste/ Togo/ Tonga/ Trinidad / Tunisia/ Turkey/ Turkmenistan/ Tuvalu
97%
TTaiwan/ Tajikistan/ Tanzania/ Thailand/ Timor-Leste/ Togo/ Tonga/ Trinidad / Tunisia/ Turkey/ Turkmenistan/ Tuvalu
97%
NNamibia/ Nauru/ Nepal/ Netherlands/ New Zealand/ Nicaragua/ Niger/ Nigeria/ North Korea/ North Macedonia/ Norway
94%
EEcuador/ Egypt/ El Salvador/ Equatorial Guinea/ Eritrea/ Estonia/ Eswatini/ Ethiopia/East Timor
92%
EEcuador/ Egypt/ El Salvador/ Equatorial Guinea/ Eritrea/ Estonia/ Eswatini/ Ethiopia/East Timor
92%
EEcuador/ Egypt/ El Salvador/ Equatorial Guinea/ Eritrea/ Estonia/ Eswatini/ Ethiopia/East Timor
92%
EEcuador/ Egypt/ El Salvador/ Equatorial Guinea/ Eritrea/ Estonia/ Eswatini/ Ethiopia/East Timor
92%
UUganda/ Ukraine/ United Arab Emirates/UAE/ United Kingdom/UK/ United States of America/ USA/Uruguay/ Uzbekistan
92%
HHaiti/ Honduras/ Hungary
91%
AAfghanistan/ Albania/ Algeria/ Andorra/ Angola/ Antigua and Barbuda/ Argentina/ Armenia/ Australia/ Austria/ Azerbaijan
89%
AAfghanistan/ Albania/ Algeria/ Andorra/ Angola/ Antigua and Barbuda/ Argentina/ Armenia/ Australia/ Austria/ Azerbaijan
89%
AAfghanistan/ Albania/ Algeria/ Andorra/ Angola/ Antigua and Barbuda/ Argentina/ Armenia/ Australia/ Austria/ Azerbaijan
89%
IIceland/ India/ Indonesia/ Iran/ Iraq/ Ireland/ Israel/ Italy
89%
IIceland/ India/ Indonesia/ Iran/ Iraq/ Ireland/ Israel/ Italy
89%
SSaint Kitts/ Saint Lucia/ Saint Vincent/ Samoa /San Marino /Sao Tome / Saudi Arabia /Senegal/ Serbia/ Seychelles/ Sierra Leone/ Singapore/ Slovakia/ Slovenia/ Solomon Islands/ Somalia /South Africa/ South Korea/ South Sudan/ Spain/ Sri Lanka/ Sudan/ Suriname/ Sweden/ Switzerland/ Syria
89%
SSaint Kitts/ Saint Lucia/ Saint Vincent/ Samoa /San Marino /Sao Tome / Saudi Arabia /Senegal/ Serbia/ Seychelles/ Sierra Leone/ Singapore/ Slovakia/ Slovenia/ Solomon Islands/ Somalia /South Africa/ South Korea/ South Sudan/ Spain/ Sri Lanka/ Sudan/ Suriname/ Sweden/ Switzerland/ Syria
89%
FFiji/ Finland/ France
86%
MMadagascar /Malawi /Malaysia /Maldives /Mali /Malta /Marshall Islands /Mauritania /Mauritius/ Mexico /Micronesia /Moldova /Monaco/ Mongolia /Montenegro /Morocco/ Mozambique/ Myanmar
86%
CCape Verde/ Cambodia/ Cameroon/ Canada /Central African Republic/ CAR/ Chad/ Chile/ China/ Colombia/ Comoros/ Congo/Democratic Republic of the Congo/ Costa Rica/ Cote d'Ivoire/ Croatia/ Cuba/ Cyprus/ Czechia
81%
DDenmark/ Djibouti/ Dominica/ Dominican Republic
81%
OOman
80%
RRomania/ Russia/ Rwanda
72%

Score Distribution

Percentile by Number Answered

Percent of People with Each Score

Your Score History

You have not taken this quiz